000 00275nam a2200121Ia 4500
008 190216s9999||||xx |||||||||||||| ||und||
100 _aEric Williams
245 4 _aThe Wooden Horse
260 _bMacmillan India Ltd
_c1981
300 _a226p
650 _aNovel
942 _cBK
999 _c13095
_d13095